| Tag |
First Indicator |
Second Indicator |
Subfields |
| LEADER |
00000cam a2200000Ia 4500 |
| 001 |
in00002676813 |
| 005 |
20151202092746.0 |
| 008 |
100524s2009 sp a c 000 0 eng d |
| 020 |
|
|
|a 8492441844 (TF Editores)
|
| 020 |
|
|
|a 9788492441846 (TF Editores)
|
| 020 |
|
|
|a 8495216612 (Museo Guggenheim)
|
| 020 |
|
|
|a 9788495216618 (Museo Guggenheim)
|
| 035 |
|
|
|a (OCoLC)ocn630188027
|
| 040 |
|
|
|a FQG
|c FQG
|d YDX
|d UtOrBLW
|
| 041 |
1 |
|
|a eng
|h spa
|
| 049 |
|
|
|a TXAM
|
| 090 |
|
|
|a N3412.4
|b .M86 2009
|
| 130 |
0 |
|
|a Colección del Museo Guggenheim Bilbao.
|l English.
|
| 245 |
1 |
0 |
|a Museum Guggenheim Bilbao Collection /
|c [essays by David Anfam [and others] ; translation, Stephen Sartarelli and Philip Sutton].
|
| 264 |
|
1 |
|a Bilbao :
|b Fundación del Museo Guggenheim Bilbao,
|c [2009]
|
| 264 |
|
4 |
|c ©2009
|
| 300 |
|
|
|a 535 pages :
|b color illustrations ;
|c 33 cm.
|
| 336 |
|
|
|a text
|b txt
|2 rdacontent
|
| 337 |
|
|
|a unmediated
|b n
|2 rdamedia
|
| 338 |
|
|
|a volume
|b nc
|2 rdacarrier
|
| 546 |
|
|
|a Translation of: Colección del Museo Guggenheim Bilbao.
|
| 610 |
2 |
0 |
|a Museo Guggenheim Bilbao.
|
| 651 |
|
0 |
|a Bilbao (Spain)
|x Buildings, structures, etc.
|
| 700 |
1 |
|
|a Anfam, David.
|
| 700 |
1 |
|
|a Sartarelli, Stephen,
|d 1954-
|
| 700 |
1 |
|
|a Sutton, Philip.
|
| 945 |
|
|
|a PromptCat
|b 102223
|
| 946 |
|
|
|a stk
|
| 947 |
|
|
|a A14839757681
|
| 948 |
|
|
|a cataloged
|b h
|c 2010/10/14
|d c
|e dmitchel
|f 2:44:26 pm
|
| 994 |
|
|
|a 92
|b TXA
|
| 999 |
|
|
|a MARS
|
| 999 |
f |
f |
|s 08ab03f4-bb98-314b-9ef3-f96dc87e8fc3
|i d05396d4-833c-3d26-a9c6-44c88135011d
|t 0
|
| 952 |
f |
f |
|p normal
|a Texas A&M University
|b College Station
|c Sterling C. Evans Library
|d Evans: Library Stacks
|t 0
|e N3412.4 .M86 2009
|f Oversize
|h Library of Congress classification
|i unmediated -- volume
|m A14839757681
|
| 998 |
f |
f |
|a N3412.4 .M86 2009
|t 0
|l Evans: Library Stacks
|